Sebavedomie v práci

Sebavedomie nie je vrodené, ale naopak, získané počas života. Mnohí ľudia stotožňujú sebavedomie s aroganciou a povýšenectvom. Zdravo sebavedomý človek nie je namyslený, dokáže jednať s druhými ľuďmi a ostatní sa cítia v jeho spoločnosti príjemne. So sebavedomím súvisí emocionálna inteligencia. Emoc...

ver descrição completa

Na minha lista:
Detalhes bibliográficos
Autor principal: Jakubíková, Monika
Formato: Capítulo de Livro
Idioma:eslovaco
Assuntos:
Tags: Adicionar Tag
Sem tags, seja o primeiro a adicionar uma tag!

MARC

LEADER 00000naa a2200000 4500
001 0242432
005 20241118103200.9
041 0 |a slo 
044 |a SK 
245 1 0 |a Sebavedomie v práci  |c Monika Jakubíková 
520 |a Sebavedomie nie je vrodené, ale naopak, získané počas života. Mnohí ľudia stotožňujú sebavedomie s aroganciou a povýšenectvom. Zdravo sebavedomý človek nie je namyslený, dokáže jednať s druhými ľuďmi a ostatní sa cítia v jeho spoločnosti príjemne. So sebavedomím súvisí emocionálna inteligencia. Emocionálna inteligencia je dôležitým nástrojom riadenia ľudí a riešenia úloh v pracovnej oblasti. So zdravým sebavedomím sa ľahšie zváladajú konflikty v práci. Spôsoby zvládania konfliktu. 
610 2 0 |a správanie 
610 2 0 |a sebavedomie 
610 2 0 |a emócie 
610 2 0 |a inteligencia emocionálna 
610 2 0 |a pracovisko 
610 2 0 |a práca 
610 2 0 |a konflikty 
610 2 0 |a komunikácia 
610 2 0 |a vedenie ľudí 
100 1 |a Jakubíková, Monika